Digital Libraries/ (Record no. 194065)
[ view plain ]
| 000 -LEADER | |
|---|---|
| fixed length control field | 00774nam a22001937a 4500 |
| 005 - DATE AND TIME OF LATEST TRANSACTION | |
| control field | 20230302102426.0 |
| 010 ## - LCCN (DPL NO) | |
| LC control number | B-746201-205 E.N.A./7.11.22 |
| 020 ## - INTERNATIONAL STANDARD BOOK NUMBER | |
| International Standard Book Number | 9789387698765 |
| Terms of availability | 875.00 |
| 035 ## - SYSTEM CONTROL NUMBER | |
| System control number | B-746201-205 |
| 037 ## - SOURCE OF ACQUISITION | |
| Source of stock number/acquisition | Ess Ess Publication |
| 082 ## - DEWEY DECIMAL CLASSIFICATION NUMBER | |
| Classification number | 025.00285 |
| 100 ## - MAIN ENTRY--PERSONAL NAME | |
| Personal name | Balasubramaniam, P. |
| 245 ## - TITLE STATEMENT | |
| Title | Digital Libraries/ |
| Statement of responsibility, etc | P. Balasubramaniam |
| 260 ## - PUBLICATION, DISTRIBUTION, ETC. (IMPRINT) | |
| Place of publication, distribution, etc | New Delhi |
| Name of publisher, distributor, etc | Ess Ess Publication |
| Date of publication, distribution, etc | 2021 |
| 270 ## - ADDRESS | |
| Address | 4831/24, Ansari Road, Daryaganj, |
| City | New Delhi |
| Postal code | 110002 |
| Telephone number | 011-23260807 |
| 300 ## - PHYSICAL DESCRIPTION | |
| Extent | 211p. |
| Dimensions | 23cm(hbk) |
| 942 ## - ADDED ENTRY ELEMENTS (KOHA) | |
| Source of classification or shelving scheme | Dewey Decimal Classification |
| Item type | English Books |
| Call number suffix | BAL |
| Classification part | 025.00285 |
| Withdrawn status | Lost status | Not for loan | Collection code | Home library | Current library | Date acquired | Source of acquisition | Cost, normal purchase price | Full call number | Barcode | Copy number | Cost, replacement price | Koha item type |
|---|---|---|---|---|---|---|---|---|---|---|---|---|---|
| Non-fiction | Central Library | Central Library | 02/03/2023 | Ess Ess Pub./32743/23.11.22/162/23.11.22/30.11.22 | 875.00 | 025.00285 BAL | B-746201 | 1 | 875.00 | English Books | |||
| Non-fiction | Mobile Library | Mobile Library | 02/03/2023 | Ess Ess Pub./32743/23.11.22/162/23.11.22/30.11.22 | 875.00 | 025.00285 BAL | B-746202 | 1 | 875.00 | English Books | |||
| Non-fiction | Patel Nagar | Patel Nagar | 02/03/2023 | Ess Ess Pub./32743/23.11.22/162/23.11.22/30.11.22 | 875.00 | 025.00285 BAL | B-746203 | 1 | 875.00 | English Books | |||
| Non-fiction | Sarojini Nagar | Sarojini Nagar | 02/03/2023 | Ess Ess Pub./32743/23.11.22/162/23.11.22/30.11.22 | 875.00 | 025.00285 BAL | B-746204 | 1 | 875.00 | English Books | |||
| Non-fiction | Shahdara Branch | Shahdara Branch | 02/03/2023 | Ess Ess Pub./32743/23.11.22/162/23.11.22/30.11.22 | 875.00 | 025.00285 BAL | B-746205 | 1 | 875.00 | English Books |
